[Event "Oberliga Ost B"]
[Site "?"]
[Date "2022.05.22"]
[Round "5.1"]
[White "Grabarczyk, Bogdan"]
[Black "Hoffmann, Tim"]
[Result "1-0"]
[WhiteElo "2386"]
[BlackElo "2148"]
[PlyCount "43"]
[EventDate "2021.10.10"]
[EventType "team-tourn"]
[EventCountry "GER"]
[WhiteTeam "Griesheim SV"]
[BlackTeam "Gera ESV"]
[WhiteTeamCountry "GER"]
[BlackTeamCountry "GER"]

1. e4 c5 2. Nf3 d6 3. d4 cxd4 4. Nxd4 Nf6 5. Nc3 a6 6. Bg5 e6 7. Qe2 Nbd7 8. f4
Qc7 9. O-O-O Be7 10. g4 h6 11. Bxf6 Bxf6 12. h4 g5 13. Nf5 Bxc3 14. Nxd6+ Ke7
15. bxc3 Qxc3 16. Rh3 Qa1+ 17. Kd2 Qf6 18. Ke1 gxf4 19. Qd2 Nc5 20. Qa5 Qe5 21.
Qc7+ Bd7 22. Nf5+ 1-0

[Event "Oberliga Ost B"]
[Site "?"]
[Date "2022.05.22"]
[Round "5.2"]
[White "Mueller, Magnus"]
[Black "Braun, Vitali"]
[Result "0-1"]
[WhiteElo "1993"]
[BlackElo "2345"]
[PlyCount "68"]
[EventDate "2021.10.10"]
[EventType "team-tourn"]
[EventCountry "GER"]
[WhiteTeam "Gera ESV"]
[BlackTeam "Griesheim SV"]
[WhiteTeamCountry "GER"]
[BlackTeamCountry "GER"]

1. d4 d5 2. c4 c6 3. Nf3 Nf6 4. Nc3 a6 5. c5 Nbd7 6. Bf4 Nh5 7. Bd2 Nhf6 8. Bf4
Nh5 9. Bd2 g6 10. e4 dxe4 11. Nxe4 Nhf6 12. Nxf6+ Nxf6 13. Bc4 Bg7 14. Qb3 O-O
15. O-O Nd5 16. Rfe1 Re8 17. h3 Rb8 18. Rac1 Bf5 19. a4 h6 20. Ne5 g5 21. Qf3
e6 22. g4 Bg6 23. Kg2 Qe7 24. b4 Bh7 25. Qb3 Rbd8 26. Rcd1 Qf6 27. b5 axb5 28.
axb5 Nf4+ 29. Bxf4 Qxf4 30. Qe3 Bxe5 31. Qxe5 Qxe5 32. Rxe5 Rd7 33. d5 cxd5 34.
Rdxd5 exd5 0-1

[Event "Oberliga Ost B"]
[Site "?"]
[Date "2022.05.22"]
[Round "5.3"]
[White "Nothnagel, Holger"]
[Black "Schubert, Nikita"]
[Result "1-0"]
[WhiteElo "2323"]
[BlackElo "1931"]
[PlyCount "107"]
[EventDate "2021.10.10"]
[EventType "team-tourn"]
[EventCountry "GER"]
[WhiteTeam "Griesheim SV"]
[BlackTeam "Gera ESV"]
[WhiteTeamCountry "GER"]
[BlackTeamCountry "GER"]

1. Nf3 Nf6 2. c4 e6 3. b3 d5 4. Bb2 Be7 5. g3 O-O 6. Bg2 c5 7. cxd5 exd5 8. d4
Nc6 9. O-O Bf5 10. Nc3 c4 11. bxc4 dxc4 12. d5 Nb4 13. Nh4 Bg4 14. h3 Bh5 15.
Qd2 Bd6 16. a3 Na6 17. Nf5 Nc5 18. Nb5 Bb8 19. d6 a6 20. Ne7+ Kh8 21. Bxf6 gxf6
22. Qd4 Nd7 23. Bxb7 axb5 24. Bxa8 Qb6 25. Qxb6 Nxb6 26. Bf3 Bxf3 27. exf3 Bxd6
28. Nf5 Be5 29. Rab1 Na4 30. Rxb5 Ra8 31. Rc1 c3 32. f4 Bc7 33. Rb7 Ba5 34.
Rcb1 Nb2 35. Ne3 Kg7 36. R7xb2 cxb2 37. Rxb2 Bc3 38. Rb3 Ba5 39. Kg2 Kg6 40.
Kf3 Bc7 41. h4 Ra4 42. Nd5 Bd6 43. Rb6 Rxa3+ 44. Kg2 Bc5 45. Rc6 Bf8 46. h5+
Kg7 47. Nxf6 h6 48. Ng4 Kh7 49. Rc7 Kg8 50. Rc8 Ra5 51. Nxh6+ Kg7 52. g4 Kxh6
53. Rxf8 Ra3 54. Rc8 1-0

[Event "Oberliga Ost B"]
[Site "?"]
[Date "2022.05.22"]
[Round "5.4"]
[White "Puschendorf, Steffen"]
[Black "Koehler, Ronald"]
[Result "0-1"]
[WhiteElo "2146"]
[BlackElo "2164"]
[PlyCount "56"]
[EventDate "2021.10.10"]
[EventType "team-tourn"]
[EventCountry "GER"]
[WhiteTeam "Gera ESV"]
[BlackTeam "Griesheim SV"]
[WhiteTeamCountry "GER"]
[BlackTeamCountry "GER"]

1. d4 Nf6 2. c4 e6 3. Nf3 c5 4. d5 exd5 5. cxd5 d6 6. e4 a6 7. Bd3 Bg4 8. Nbd2
b5 9. h3 Bh5 10. O-O Nbd7 11. b3 Be7 12. a4 Rb8 13. axb5 axb5 14. Qc2 O-O 15.
Bb2 Bg6 16. Rfe1 Nh5 17. Ra6 Nf4 18. g3 Nxd3 19. Qxd3 c4 20. Qe3 Nc5 21. Qd4
Bf6 22. e5 Nxa6 23. exf6 Qxf6 24. Qxf6 gxf6 25. Bxf6 cxb3 26. Nh2 Nc5 27. Ng4
Rfe8 28. Ne3 Ra8 0-1

[Event "Oberliga Ost B"]
[Site "?"]
[Date "2022.05.22"]
[Round "5.5"]
[White "Liard, Thibaud"]
[Black "Glaessl, Matthias"]
[Result "1/2-1/2"]
[WhiteElo "2150"]
[BlackElo "2162"]
[PlyCount "102"]
[EventDate "2021.10.10"]
[EventType "team-tourn"]
[EventCountry "GER"]
[WhiteTeam "Griesheim SV"]
[BlackTeam "Gera ESV"]
[WhiteTeamCountry "GER"]
[BlackTeamCountry "GER"]

1. Nf3 c5 2. e3 g6 3. d4 Bg7 4. dxc5 Qa5+ 5. Nbd2 Qxc5 6. c4 d6 7. Be2 Nf6 8.
O-O Qc7 9. Nd4 Nc6 10. Nb5 Qb6 11. Nc3 O-O 12. b3 Bf5 13. Bb2 Nb4 14. Nf3 Nc6
15. Rc1 Rac8 16. Ba1 Qa5 17. Nd4 Bd7 18. e4 Nxd4 19. Qxd4 Bc6 20. Qe3 Rfe8 21.
f4 Qc5 22. Qxc5 dxc5 23. Bf3 Red8 24. Nd5 Nxd5 25. cxd5 Bb5 26. Rfd1 Bxa1 27.
Rxa1 c4 28. bxc4 Bxc4 29. a4 Rc5 30. Rdc1 b6 31. Kf2 f5 32. exf5 gxf5 33. Rab1
Kf8 34. a5 Bxd5 35. Rxc5 bxc5 36. Bxd5 Rxd5 37. Rb7 a6 38. Ra7 Rd6 39. Rc7 c4
40. Rxc4 Rd5 41. Ra4 Kf7 42. Ra2 Rd3 43. g3 Rd5 44. Kg2 Kf6 45. Kh3 e5 46.
fxe5+ Rxe5 47. Kh4 Kg6 48. Ra4 Rb5 49. Rc4 Rxa5 50. Rc6+ Kg7 51. Rc7+ Kg6
1/2-1/2

[Event "Oberliga Ost B"]
[Site "?"]
[Date "2022.05.22"]
[Round "5.6"]
[White "Hilbig, Dieter"]
[Black "Flach, Erich"]
[Result "0-1"]
[WhiteElo "1965"]
[BlackElo "2072"]
[PlyCount "74"]
[EventDate "2021.10.10"]
[EventType "team-tourn"]
[EventCountry "GER"]
[WhiteTeam "Gera ESV"]
[BlackTeam "Griesheim SV"]
[WhiteTeamCountry "GER"]
[BlackTeamCountry "GER"]

1. e4 g6 2. Nc3 Bg7 3. f4 c6 4. d4 d5 5. e5 Qb6 6. Nf3 Nh6 7. Ne2 Bg4 8. Qd3
O-O 9. c3 f6 10. h3 Bxf3 11. gxf3 Nf5 12. h4 h5 13. Bh3 e6 14. Rg1 Kf7 15. Bxf5
gxf5 16. Bd2 Rh8 17. O-O-O Qa6 18. Qxa6 Nxa6 19. Rg2 Rag8 20. Rdg1 Bf8 21. Rxg8
Rxg8 22. Rxg8 Kxg8 23. Ng3 Be7 24. Nxh5 fxe5 25. fxe5 Bxh4 26. Kd1 Kf7 27. Ke2
c5 28. Be3 cxd4 29. Bxd4 b6 30. b4 Nc7 31. a4 b5 32. Bxa7 bxa4 33. Kd3 Nb5 34.
Bd4 Na3 35. Nf4 Nc4 36. b5 a3 37. Kc2 a2 0-1

[Event "Oberliga Ost B"]
[Site "?"]
[Date "2022.05.22"]
[Round "5.7"]
[White "Hahn, Werner"]
[Black "Helmsdorf, Marius"]
[Result "1/2-1/2"]
[WhiteElo "2173"]
[BlackElo "1616"]
[PlyCount "88"]
[EventDate "2021.10.10"]
[EventType "team-tourn"]
[EventCountry "GER"]
[WhiteTeam "Griesheim SV"]
[BlackTeam "Gera ESV"]
[WhiteTeamCountry "GER"]
[BlackTeamCountry "GER"]

1. d4 d5 2. c4 dxc4 3. Nf3 Nf6 4. e3 a6 5. Bxc4 b5 6. Bb3 e6 7. O-O Bb7 8. Qe2
c5 9. Rd1 Qb6 10. Nc3 Nc6 11. d5 exd5 12. Nxd5 Nxd5 13. Bxd5 Be7 14. e4 O-O 15.
e5 Kh8 16. Be3 Nb4 17. Bb3 Rad8 18. Rxd8 Qxd8 19. Rd1 Qc7 20. a3 c4 21. Bxc4
bxc4 22. axb4 Bxb4 23. Bd4 Rd8 24. Bc3 Bxc3 25. bxc3 Rxd1+ 26. Qxd1 h6 27. Qd4
Qa5 28. Nd2 Bd5 29. h4 Qb5 30. Kh2 Qc6 31. f3 a5 32. Nf1 a4 33. Ne3 Be6 34. Qa7
Qb5 35. f4 Bd7 36. h5 Qc6 37. Kg3 Qe4 38. Qxd7 Qxe3+ 39. Kg4 Qe2+ 40. Kh4 Qf2+
41. g3 Qh2+ 42. Kg4 Qe2+ 43. Kh4 g5+ 44. hxg6 Qh2+ 1/2-1/2

[Event "Oberliga Ost B"]
[Site "?"]
[Date "2022.05.22"]
[Round "5.1"]
[White "Heinz, Axel"]
[Black "Sadeghi, Behrang"]
[Result "1/2-1/2"]
[WhiteElo "2434"]
[BlackElo "2249"]
[PlyCount "64"]
[EventDate "2021.10.10"]
[EventType "team-tourn"]
[EventCountry "GER"]
[WhiteTeam "Oberursel SV"]
[BlackTeam "Homburg Bad SK"]
[WhiteTeamCountry "GER"]
[BlackTeamCountry "GER"]

1. e4 c6 2. Nc3 d5 3. Nf3 dxe4 4. Nxe4 Nd7 5. Bc4 Ngf6 6. Neg5 Nd5 7. d4 h6 8.
Ne4 N7b6 9. Bb3 Bf5 10. Ng3 Bh7 11. O-O e6 12. a4 a5 13. Re1 Be7 14. Ne5 O-O
15. c3 Bg5 16. Bc2 Bxc2 17. Qxc2 Bxc1 18. Raxc1 Nd7 19. Nd3 N7f6 20. Nc5 b6 21.
Nce4 Nxe4 22. Nxe4 Nf6 23. Nd2 Qc7 24. Rcd1 Rfd8 25. Nf3 c5 26. Rd2 Rac8 27.
Red1 c4 28. Re2 Rd5 29. Ne5 Nd7 30. Rde1 Nxe5 31. Rxe5 Rcd8 32. g3 Rxe5 1/2-1/2

[Event "Oberliga Ost B"]
[Site "?"]
[Date "2022.05.22"]
[Round "5.2"]
[White "Dunsbach, Ralf"]
[Black "Michaelsen, Nils"]
[Result "1/2-1/2"]
[WhiteElo "2137"]
[BlackElo "2400"]
[PlyCount "134"]
[EventDate "2021.10.10"]
[EventType "team-tourn"]
[EventCountry "GER"]
[WhiteTeam "Homburg Bad SK"]
[BlackTeam "Oberursel SV"]
[WhiteTeamCountry "GER"]
[BlackTeamCountry "GER"]

1. Nf3 Nf6 2. c4 e6 3. g3 d5 4. Bg2 dxc4 5. Qa4+ Nbd7 6. O-O a6 7. Qxc4 b5 8.
Qb3 Bb7 9. d3 Be7 10. Nc3 O-O 11. Bd2 c5 12. Rfc1 Rc8 13. a4 c4 14. Qd1 cxd3
15. axb5 axb5 16. Nxb5 Qb6 17. Nc3 Nc5 18. b4 dxe2 19. Qxe2 Nb3 20. b5 Nxc1 21.
Rxc1 Nd5 22. Nxd5 Bxd5 23. Ne5 Bxg2 24. Kxg2 Rxc1 25. Bxc1 Rc8 26. Bb2 Bf6 27.
Nc6 Rxc6 28. bxc6 Bxb2 29. c7 Qxc7 30. Qxb2 g5 31. Qf6 Qc5 32. g4 Qd5+ 33. Kg3
Qd3+ 34. Kg2 Qg6 35. Qd8+ Kg7 36. h3 Qe4+ 37. f3 Qd5 38. Qe7 h6 39. Qe8 Qd2+
40. Kg3 Qd4 41. Kg2 h5 42. gxh5 Qh4 43. Qb8 Qxh5 44. Qe5+ Kg6 45. Qe4+ Kh6 46.
Qe5 Qg6 47. Qh8+ Qh7 48. Qf6+ Kh5 49. Kg3 Qf5 50. Qh8+ Kg6 51. Qg8+ Kf6 52.
Qh8+ Ke7 53. Qc8 Qf4+ 54. Kg2 Qd4 55. Qg8 Qe3 56. Qc8 Qe2+ 57. Kg3 Qe5+ 58. Kg2
f5 59. Qb7+ Kf6 60. Qa8 Qe2+ 61. Kg1 Qd1+ 62. Kf2 Qd2+ 63. Kf1 Ke5 64. Qb8+ Qd6
65. Qb2+ Qd4 66. Qb8+ Qd6 67. Qb2+ Qd4 1/2-1/2

[Event "Oberliga Ost B"]
[Site "?"]
[Date "2022.05.22"]
[Round "5.3"]
[White "Margolin, Boris"]
[Black "Schmidt, Walter"]
[Result "1/2-1/2"]
[WhiteElo "2403"]
[BlackElo "2232"]
[PlyCount "108"]
[EventDate "2021.10.10"]
[EventType "team-tourn"]
[EventCountry "GER"]
[WhiteTeam "Oberursel SV"]
[BlackTeam "Homburg Bad SK"]
[WhiteTeamCountry "GER"]
[BlackTeamCountry "GER"]

1. e4 c5 2. g3 Nc6 3. Bg2 g6 4. f4 Bg7 5. Nf3 d6 6. d3 e6 7. O-O Nge7 8. c3 O-O
9. Be3 b6 10. d4 Bb7 11. Nbd2 Rc8 12. Bf2 Qd7 13. Nb3 cxd4 14. Nfxd4 Rfd8 15.
Qe2 e5 16. Nf3 d5 17. exd5 Nxd5 18. fxe5 Re8 19. Qd2 Rcd8 20. Bd4 Nxe5 21. Nxe5
Bxe5 22. Bxe5 Rxe5 23. Rfe1 Rxe1+ 24. Rxe1 Nf6 25. Qxd7 Rxd7 26. Bxb7 Rxb7 27.
a4 Kf8 28. Nd4 Rd7 29. h3 Rc7 30. Re5 Nd7 31. Rd5 Nc5 32. Nb5 Re7 33. a5 Ne4
34. Rd8+ Kg7 35. axb6 axb6 36. g4 Nc5 37. Kf2 Re5 38. Nc7 Na4 39. Rd2 Nc5 40.
Kg2 Re7 41. Nd5 Re6 42. b4 Ne4 43. Rd4 f5 44. c4 Kf7 45. gxf5 gxf5 46. Kf3 Rc6
47. Kf4 Ke6 48. Ne3 Nd6 49. h4 h6 50. h5 Rc8 51. Kf3 Ke5 52. Rd5+ Ke6 53. Rd4
Ke5 54. Rd5+ Ke6 1/2-1/2

[Event "Oberliga Ost B"]
[Site "?"]
[Date "2022.05.22"]
[Round "5.4"]
[White "Lenz, Jonas"]
[Black "Dubiel, Jacek"]
[Result "1/2-1/2"]
[WhiteElo "2115"]
[BlackElo "2412"]
[PlyCount "42"]
[EventDate "2021.10.10"]
[EventType "team-tourn"]
[EventCountry "GER"]
[WhiteTeam "Homburg Bad SK"]
[BlackTeam "Oberursel SV"]
[WhiteTeamCountry "GER"]
[BlackTeamCountry "GER"]

1. d4 Nf6 2. c4 e6 3. g3 d5 4. Nf3 dxc4 5. Bg2 c6 6. Ne5 Bb4+ 7. Nc3 Nd5 8. Bd2
b5 9. O-O Bxc3 10. Bxc3 O-O 11. Be1 f6 12. Nf3 a5 13. b3 Nb6 14. Qc2 Re8 15. e3
cxb3 16. axb3 a4 17. Bb4 axb3 18. Qxb3 Rxa1 19. Rxa1 Na4 20. Nd2 Qc7 21. Ne4
Rd8 1/2-1/2

[Event "Oberliga Ost B"]
[Site "?"]
[Date "2022.05.22"]
[Round "5.5"]
[White "Akbarinia, Sayed Arash"]
[Black "Merkle, Egon"]
[Result "1-0"]
[WhiteElo "2380"]
[BlackElo "2146"]
[PlyCount "55"]
[EventDate "2021.10.10"]
[EventType "team-tourn"]
[EventCountry "GER"]
[WhiteTeam "Oberursel SV"]
[BlackTeam "Homburg Bad SK"]
[WhiteTeamCountry "GER"]
[BlackTeamCountry "GER"]

1. d4 Nf6 2. Nf3 e6 3. g3 d5 4. c4 Be7 5. Bg2 O-O 6. Nbd2 c5 7. cxd5 exd5 8.
dxc5 Bxc5 9. O-O Nc6 10. a3 a5 11. Nb3 Bb6 12. Nbd4 Bg4 13. Nxc6 bxc6 14. Ne5
Re8 15. Bf4 g5 16. Nxg4 Nxg4 17. Bd2 Qf6 18. e3 Ne5 19. Bc3 Qf5 20. Rc1 Rac8
21. Qa4 Nd3 22. Rcd1 Nxf2 23. Rxf2 Bxe3 24. Rdf1 d4 25. Bd2 Bxf2+ 26. Rxf2 Qc5
27. Qxa5 Qxa5 28. Bxa5 1-0

[Event "Oberliga Ost B"]
[Site "?"]
[Date "2022.05.22"]
[Round "5.6"]
[White "Novak, Volker"]
[Black "Weber, Samuel"]
[Result "1/2-1/2"]
[WhiteElo "2082"]
[BlackElo "2263"]
[PlyCount "91"]
[EventDate "2021.10.10"]
[EventType "team-tourn"]
[EventCountry "GER"]
[WhiteTeam "Homburg Bad SK"]
[BlackTeam "Oberursel SV"]
[WhiteTeamCountry "GER"]
[BlackTeamCountry "GER"]

1. Nf3 Nf6 2. c4 e6 3. g3 a6 4. Bg2 b5 5. b3 Bb7 6. O-O Be7 7. Bb2 c5 8. e3 O-O
9. Qe2 bxc4 10. bxc4 d6 11. d4 cxd4 12. exd4 Nbd7 13. Nbd2 Re8 14. Rab1 Rb8 15.
Bc3 Bc6 16. Nb3 Be4 17. Rb2 Qc8 18. Nfd2 Bxg2 19. Kxg2 Nb6 20. Na5 Na4 21. Rxb8
Qxb8 22. Ba1 Qb6 23. Ndb3 Qc7 24. Rc1 Bd8 25. c5 Qd7 26. Qxa6 dxc5 27. dxc5
Qd5+ 28. Kg1 Bxa5 29. Bxf6 Ra8 30. Qc4 gxf6 31. Qxa4 Bc7 32. Qg4+ Kf8 33. Rd1
Qc6 34. Rd2 Ra4 35. Qe2 Re4 36. Qd1 h5 37. Rd4 h4 38. Rxe4 Qxe4 39. Qd4 Qb1+
40. Kg2 Qxa2 41. Nd2 hxg3 42. hxg3 Qa8+ 43. Kf1 Qh1+ 44. Ke2 Qh5+ 45. g4 Qg5
46. Nf3 1/2-1/2

[Event "Oberliga Ost B"]
[Site "?"]
[Date "2022.05.22"]
[Round "5.7"]
[White "Schlamp, Robert"]
[Black "Faqiry, Ramat"]
[Result "1-0"]
[WhiteElo "2264"]
[BlackElo "1962"]
[PlyCount "63"]
[EventDate "2021.10.10"]
[EventType "team-tourn"]
[EventCountry "GER"]
[WhiteTeam "Oberursel SV"]
[BlackTeam "Homburg Bad SK"]
[WhiteTeamCountry "GER"]
[BlackTeamCountry "GER"]

1. e4 c5 2. Nf3 Nc6 3. d3 d6 4. Nbd2 g6 5. Be2 Bg7 6. O-O Nf6 7. c3 e5 8. a4
O-O 9. Nc4 Be6 10. Qc2 h6 11. Rb1 Nh5 12. b4 b6 13. b5 Ne7 14. Rd1 Qc7 15. Ne3
Nf4 16. Bf1 f5 17. c4 g5 18. Ne1 Nfg6 19. exf5 Nxf5 20. Nxf5 Bxf5 21. g3 Bg4
22. Bg2 Bxd1 23. Bd5+ Kh8 24. Qxd1 Rae8 25. Bxg5 Qd7 26. Be3 Qf5 27. Be4 Qf6
28. Ng2 Re7 29. Qh5 Re6 30. Rf1 Rd8 31. Bxh6 Kg8 32. Bg5 1-0

[Event "Oberliga Ost B"]
[Site "?"]
[Date "2022.05.22"]
[Round "5.8"]
[White "Heiming, Helmut"]
[Black "Chandler, Patrick"]
[Result "0-1"]
[WhiteElo "1894"]
[BlackElo "2165"]
[PlyCount "118"]
[EventDate "2021.10.10"]
[EventType "team-tourn"]
[EventCountry "GER"]
[WhiteTeam "Homburg Bad SK"]
[BlackTeam "Oberursel SV"]
[WhiteTeamCountry "GER"]
[BlackTeamCountry "GER"]

1. d4 Nf6 2. c4 e6 3. Nf3 b6 4. g3 Bb7 5. Bg2 Be7 6. Nc3 Ne4 7. d5 Nxc3 8. bxc3
Bf6 9. Bb2 O-O 10. O-O d6 11. dxe6 fxe6 12. Nd4 Bxg2 13. Kxg2 Qc8 14. Qd3 Na6
15. Nb3 Qb7+ 16. Kg1 Rad8 17. Rab1 Rfe8 18. e4 c5 19. Rbd1 Nc7 20. Rfe1 Qa6 21.
a3 Qa4 22. Nd2 a6 23. Nf3 b5 24. cxb5 axb5 25. Qe2 d5 26. Qe3 dxe4 27. Rxd8
Rxd8 28. Qxe4 Qxe4 29. Rxe4 Rd1+ 30. Re1 Rxe1+ 31. Nxe1 b4 32. axb4 cxb4 33.
Nd3 bxc3 34. Bc1 Nd5 35. Kf1 Bd4 36. Ke2 e5 37. f3 Kf7 38. Ba3 Nb6 39. Nb4 Nc4
40. Bc1 Nb2 41. Nc2 Ke6 42. h4 Kd5 43. Ne3+ Kc5 44. Nf5 g6 45. Ne3 Kb4 46. Nd5+
Kb3 47. Bh6 Nc4 48. Kd3 c2 49. Bc1 Bb2 50. Ne3 Nxe3 51. Bxe3 c1=Q 52. Bxc1 Bxc1
53. Ke4 Bb2 54. f4 exf4 55. gxf4 Bf6 56. h5 Kc4 57. Ke3 Kd5 58. Kf3 Ke6 59. Kg4
Bd8 0-1

[Event "Oberliga Ost B"]
[Site "?"]
[Date "2022.05.22"]
[Round "5.1"]
[White "Humburg, Philipp"]
[Black "Konopka, Michal"]
[Result "0-1"]
[WhiteElo "2276"]
[BlackElo "2380"]
[PlyCount "66"]
[EventDate "2021.10.10"]
[EventType "team-tourn"]
[EventCountry "GER"]
[WhiteTeam "Marburg SK"]
[BlackTeam "Schoeneck SF"]
[WhiteTeamCountry "GER"]
[BlackTeamCountry "GER"]

{[%evp 0,61,23,28,71,66,74,88,92,69,56,73,72,40,44,33,31,20,41,30,39,12,14,6,
44,27,20,21,14,-12,12,-59,-46,-47,-60,-52,37,9,18,-27,-32,-77,-74,-74,13,7,61,
-22,-16,-8,-8,-23,-26,-26,-102,-135,-42,-42,0,-256,-256,-301,-287,-464]} 1. e4
d6 2. d4 Nf6 3. Nc3 g6 4. Bg5 h6 5. Be3 c6 6. f3 Nbd7 7. Nh3 b5 8. Nf2 Bb7 9.
Qd2 Bg7 10. g4 Nb6 11. b3 Qc7 12. Rd1 h5 13. g5 Nfd7 14. f4 b4 15. Nb1 a5 16.
Bh3 c5 17. c4 bxc3 18. Nxc3 O-O 19. d5 Ba6 20. e5 dxe5 21. f5 Rfd8 22. Nfe4 c4
23. O-O cxb3 24. axb3 Bxf1 25. Rxf1 a4 26. fxg6 fxg6 27. Be6+ Kh8 28. d6 exd6
29. Rf7 axb3 30. Nxd6 Ra1+ 31. Kf2 Rf8 32. Bxb3 Nc5 33. Rxf8+ Bxf8 0-1

[Event "Oberliga Ost B"]
[Site "?"]
[Date "2022.05.22"]
[Round "5.2"]
[White "Heinatz, Thomas"]
[Black "Rolle, Eric"]
[Result "1-0"]
[WhiteElo "2291"]
[BlackElo "2150"]
[PlyCount "75"]
[EventDate "2021.10.10"]
[EventType "team-tourn"]
[EventCountry "GER"]
[WhiteTeam "Schoeneck SF"]
[BlackTeam "Marburg SK"]
[WhiteTeamCountry "GER"]
[BlackTeamCountry "GER"]

1. e4 e5 2. Bc4 Nf6 3. d3 c6 4. Nf3 d5 5. Bb3 Bd6 6. Nc3 d4 7. Ne2 h6 8. O-O c5
9. Ng3 Nc6 10. Nh4 Ne7 11. f4 Qc7 12. Nh5 exf4 13. Bxf4 Bxf4 14. Nxf4 Bg4 15.
Qe1 Qe5 16. Nd5 Nexd5 17. Bxd5 Nxd5 18. exd5 Qe3+ 19. Qxe3+ dxe3 20. Rf4 f5 21.
Nxf5 Bxf5 22. Rxf5 O-O-O 23. Re1 Rhe8 24. c4 Rd7 25. Kf1 Kc7 26. Ke2 Kd6 27.
Ref1 b5 28. Rf7 Ree7 29. Rxe7 Rxe7 30. Rf3 Rb7 31. b3 a5 32. Rxe3 a4 33. Re6+
Kd7 34. Rg6 Ke8 35. Rc6 bxc4 36. dxc4 axb3 37. axb3 Rxb3 38. Rxc5 1-0

[Event "Oberliga Ost B"]
[Site "?"]
[Date "2022.05.22"]
[Round "5.3"]
[White "Alber, Horst"]
[Black "Nazarenus, Moritz"]
[Result "1/2-1/2"]
[WhiteElo "2259"]
[BlackElo "2228"]
[PlyCount "87"]
[EventDate "2021.10.10"]
[EventType "team-tourn"]
[EventCountry "GER"]
[WhiteTeam "Marburg SK"]
[BlackTeam "Schoeneck SF"]
[WhiteTeamCountry "GER"]
[BlackTeamCountry "GER"]

1. d4 d5 2. c4 c6 3. cxd5 cxd5 4. Nc3 Nf6 5. Bf4 Nc6 6. e3 a6 7. Bd3 Bg4 8. Nf3
e6 9. Rc1 Bd6 10. Bxd6 Qxd6 11. h3 Bxf3 12. Qxf3 O-O 13. O-O Rac8 14. Na4 Nd7
15. Qh5 g6 16. Qe2 Na5 17. b3 Rc7 18. Qd2 Rfc8 19. h4 Kg7 20. h5 Nc6 21. Nc5
Nxc5 22. Rxc5 b6 23. Rc2 Nb4 24. Rxc7 Rxc7 25. Bb1 a5 26. g3 Nc6 27. Kg2 e5 28.
dxe5 Qxe5 29. h6+ Kxh6 30. e4+ Kg7 31. f4 Qd4 32. Qxd4+ Nxd4 33. exd5 Rd7 34.
Be4 f5 35. Rd1 Nxb3 36. Bxf5 gxf5 37. axb3 Kf7 38. Kf3 h5 39. Ke3 Ke7 40. Kd4
Kd6 41. Rh1 Rh7 42. Rc1 Rc7 43. Rh1 Rh7 44. Rc1 1/2-1/2

[Event "Oberliga Ost B"]
[Site "?"]
[Date "2022.05.22"]
[Round "5.4"]
[White "Meyer, Kai Christian"]
[Black "Henrich, Thomas"]
[Result "1-0"]
[WhiteElo "2221"]
[BlackElo "2122"]
[PlyCount "37"]
[EventDate "2021.10.10"]
[EventType "team-tourn"]
[EventCountry "GER"]
[WhiteTeam "Schoeneck SF"]
[BlackTeam "Marburg SK"]
[WhiteTeamCountry "GER"]
[BlackTeamCountry "GER"]

1. d4 Nf6 2. Nf3 g6 3. Nc3 d5 4. Bf4 Bg7 5. e3 O-O 6. Be2 c5 7. Ne5 Nc6 8. Qd2
cxd4 9. exd4 Be6 10. h4 Qb6 11. Nxc6 bxc6 12. Na4 Qb7 13. f3 c5 14. Nxc5 Qxb2
15. Kf2 Rac8 16. c3 Qa3 17. Rab1 Rc6 18. Rb3 Qa5 19. Nb7 1-0

[Event "Oberliga Ost B"]
[Site "?"]
[Date "2022.05.22"]
[Round "5.6"]
[White "Weiss, Matthias"]
[Black "Neidhardt, Helge"]
[Result "0-1"]
[WhiteElo "2036"]
[BlackElo "1994"]
[PlyCount "70"]
[EventDate "2021.10.10"]
[EventType "team-tourn"]
[EventCountry "GER"]
[WhiteTeam "Schoeneck SF"]
[BlackTeam "Marburg SK"]
[WhiteTeamCountry "GER"]
[BlackTeamCountry "GER"]

1. e4 e5 2. Nf3 Nc6 3. Nc3 Nf6 4. d4 exd4 5. Nxd4 Bb4 6. Nxc6 bxc6 7. Bd3 O-O
8. O-O Re8 9. Qf3 Rb8 10. Bg5 h6 11. Bh4 Bc5 12. Na4 Bd4 13. c3 Bb6 14. Rfe1 d6
15. h3 Qe7 16. Re2 g5 17. Bg3 g4 18. hxg4 Bxg4 19. Qf4 Bxe2 20. Bxe2 Nxe4 21.
Nxb6 Rxb6 22. Bf3 Nxg3 23. Qxg3+ Qg5 24. Qxg5+ hxg5 25. b3 Re5 26. Rd1 Kg7 27.
g3 Ra5 28. Rd2 Ra3 29. Be2 Kf6 30. Kg2 Ke5 31. Bd3 d5 32. Re2+ Kd6 33. Bb1 a5
34. Re8 a4 35. Ra8 c5 0-1

[Event "Oberliga Ost B"]
[Site "?"]
[Date "2022.05.22"]
[Round "5.7"]
[White "Nekhamkis, Genadi"]
[Black "Schaack, Harry"]
[Result "0-1"]
[WhiteElo "2099"]
[BlackElo "2189"]
[PlyCount "92"]
[EventDate "2021.10.10"]
[EventType "team-tourn"]
[EventCountry "GER"]
[WhiteTeam "Marburg SK"]
[BlackTeam "Schoeneck SF"]
[WhiteTeamCountry "GER"]
[BlackTeamCountry "GER"]

1. e4 c6 2. d4 d5 3. f3 e6 4. Be3 Qb6 5. Nd2 Nf6 6. e5 Nfd7 7. Nb3 Nxe5 8. f4
Ng6 9. Bd3 Bd6 10. Qf3 a5 11. O-O-O Na6 12. g4 Nb4 13. Bxg6 hxg6 14. a3 a4 15.
Nc5 Na6 16. Qf2 Qc7 17. Ne2 b6 18. Nxa6 Bxa6 19. f5 gxf5 20. gxf5 exf5 21. Rde1
g6 22. Bg5 Bxe2 23. Rxe2+ Kd7 24. h4 Rae8 25. Rxe8 Kxe8 26. Bf6 Rh5 27. Qe2+
Kd7 28. Re1 Qc8 29. Qf1 b5 30. Re2 Qf8 31. Qe1 f4 32. Qa5 Qb8 33. Qe1 Rf5 34.
Be5 Bxe5 35. dxe5 Ke6 36. Qf2 Qc7 37. c3 c5 38. Kb1 Qe7 39. Re1 Rxe5 40. Rxe5+
Kxe5 41. Qe2+ Kf6 42. Qxb5 f3 43. Qb8 Qe1+ 44. Ka2 f2 45. Qf4+ Kg7 46. h5 f1=Q
0-1

[Event "Oberliga Ost B"]
[Site "?"]
[Date "2022.05.22"]
[Round "5.8"]
[White "Mueller, Achim"]
[Black "Schneider, Wolfram"]
[Result "1-0"]
[WhiteElo "2102"]
[BlackElo "2003"]
[PlyCount "77"]
[EventDate "2021.10.10"]
[EventType "team-tourn"]
[EventCountry "GER"]
[WhiteTeam "Schoeneck SF"]
[BlackTeam "Marburg SK"]
[WhiteTeamCountry "GER"]
[BlackTeamCountry "GER"]

1. e4 d5 2. e5 Bf5 3. Nf3 c5 4. d4 e6 5. Bb5+ Nc6 6. O-O Qb6 7. Bxc6+ bxc6 8.
c3 c4 9. Re1 Bxb1 10. Rxb1 Qa5 11. b4 Qb6 12. Be3 Ne7 13. Ng5 h6 14. Nh3 Ng6
15. f4 Ne7 16. a4 a6 17. Qh5 g6 18. Qf3 Bg7 19. Bf2 O-O 20. g4 Qc7 21. Bh4 a5
22. Bxe7 Qxe7 23. f5 exf5 24. gxf5 gxf5 25. b5 cxb5 26. Rxb5 Qa3 27. Nf4 Qxa4
28. Rxd5 Rfe8 29. Nh5 Re6 30. Nf4 Qc6 31. Nxe6 Qxe6 32. Rd6 Qe8 33. Qxf5 a4 34.
Ra1 Rb8 35. Rd7 a3 36. Rxa3 Rb6 37. Ra8 Rb1+ 38. Kf2 Rb2+ 39. Ke3 1-0

[Event "Oberliga Ost B"]
[Site "?"]
[Date "2022.05.22"]
[Round "5.3"]
[White "Bakiev, Diyor"]
[Black "Dittrich, Tom"]
[Result "1-0"]
[WhiteElo "2157"]
[BlackElo "1977"]
[PlyCount "39"]
[EventDate "2021.10.10"]
[EventType "team-tourn"]
[EventCountry "GER"]
[WhiteTeam "Wiesbadener SV"]
[BlackTeam "Stadtilm SG BW"]
[WhiteTeamCountry "GER"]
[BlackTeamCountry "GER"]

1. e4 c5 2. c3 d5 3. exd5 Qxd5 4. d4 Nf6 5. Nf3 Bg4 6. Be2 e6 7. O-O Nc6 8. Be3
cxd4 9. cxd4 Be7 10. Nc3 Qd6 11. Qb3 O-O 12. Rad1 Rfd8 13. h3 Bh5 14. Rd2 a6
15. d5 exd5 16. Bb6 Re8 17. Nxd5 Nxd5 18. Rxd5 Qe6 19. Rxh5 Qxe2 20. Re1 1-0